CO₂ metabolism and plant productivity : (Record no. 12003)

000 -LEADER
fixed length control field 00602cam a2200181 i 4500
020 ## - INTERNATIONAL STANDARD BOOK NUMBER
ISBN 0839108944
040 ## - CATALOGING SOURCE
Transcribing agency DLC
082 00 - DEWEY DECIMAL CLASSIFICATION NUMBER
Classification number 581 UNI 1976 A031 Or.
245 10 - TITLE STATEMENT
Title CO₂ metabolism and plant productivity :
Remainder of title [proceedings of the fifth annual Harry Steenbock Symposium, held in Madison, Wisconsin, on June 9-11, 1975] /
260 ## - PUBLICATION, DISTRIBUTION, ETC. (IMPRINT)
Place of publication Baltimore :
Name of publisher University Park Press,
Year of publication c1976.
300 ## - PHYSICAL DESCRIPTION
Number of Pages xi, 431 p. ;
Other physical details ill. ;
Dimensions 24 cm.
650 #0 - SUBJECT ADDED ENTRY--TOPICAL TERM
Topical Term Carbon dioxide
650 #0 - SUBJECT ADDED ENTRY--TOPICAL TERM
Topical Term Plants
650 #0 - SUBJECT ADDED ENTRY--TOPICAL TERM
Topical Term Primary productivity (Biology)
700 1# - ADDED ENTRY--PERSONAL NAME
Personal name Burris, Robert H.
700 1# - ADDED ENTRY--PERSONAL NAME
Personal name Black, Clanton C.
942 ## - ADDED ENTRY ELEMENTS (KOHA)
Koha item type សៀវភៅភាសាអង់គ្លេស
952 ## - LOCATION AND ITEM INFORMATION (KOHA)
Withdrawn status [LOCAL, KOHA] 0
Holdings
Permanent Location Date acquired Koha item type Lost status Shelving location Barcode Current Location Full call number
Library Block A2017-08-09សៀវភៅភាសាអង់គ្លេស A039A21684Library Block A581 UNI 1976 A031 Or.
មជ្ឈមណ្ឌលឯការនៃសាកលវិទ្យាល័យភូមិន្ទកសិកម្មចំការដូង

Powered by Koha